000 01443nam a2200349 i 4500
003 EG-GICUC
005 20260218163143.0
008 260208s2006 ua ||||fr|||| 00| 0 ara d
017 _a2734
040 _a EG-GICUC
_bara
_c EG-GICUC
_d EG-GICUC
_erda
041 _aara
082 0 4 _221
_a255
_bح س . ج
092 0 4 _221
099 _aLaw1 01 255 ح س . ج2006
100 0 _aحسن على الشاذلى
_eمؤلف.
245 1 2 _aالجريمة حقيقتها وأسسها العامة :
_bدراسة مقارنة فى الفقه الاسلامى ومقابلة بالنظم الوضعية /
_cتأليف حسن على الشاذلى.
_n(1)،
_pالنظرية العامة للجريمة.
264 1 _aالاسكندرية :
_bدار الكتاب الجامعى،
_c2006.
300 _a878 صفحة ;
_c24 سم.
336 _2rda content
_atext
337 _2rda media
_aComputer
338 _2rda carrier
_aOnline Resource
490 _aأبحاث الجنايات فى الفقه الإسلامى المقارن ;
504 _aيشتمل على إرجاعات ببليوجرافية.
546 _aالنص باللغة العربية
650 1 _aالقانون الجنائي
650 1 _aالنظام الجنائي الإسلامي
650 1 _aالجريمة
650 1 _aالفقه الاسلامى
856 4 0 _uhttps://fll.law.cu.edu.eg/fulltext/bks/B10-08045.pdf
905 _a43
942 _2ddc
_n0
_cBK
_e21
999 _c61656
_d61656